Представление документа в формате RUSMARC

ПолеНазваниеЗначение
  Тип записи a
  Библиографический уровень m
001 Контрольный номер RU/IS/BASE/287491388
005 Дата корректировки 20260619160234.2
010 Индекс ISBN __
a ISBN 5-8354-0128-0
d Цена 350-00
101 Язык документа 0_
a Язык текста rus
c Язык оригинала rus
200 Заглавие и сведения об ответственности 0_
a Заглавие Курс гражданского права
f Первые сведения об ответственности К. П. Победоносцев ; [науч. ред. тома Ем В. С. ; МГУ им. М. В. Ломоносова, Каф. гражд. права, Юрид. фак.]
b Общее обозначение материала Текст
h Номер части Ч. 1
i Наименование части Вотчинные права
210 Выходные данные 1_
a Место издания М.
c Издательство Статут
c Издательство КонсультантПлюс
d Дата издания 2004
215 Физическое описание __
a Объем 798, [2] с.
225 Серия 2_
a Серия Классика российской цивилистики
300 Общие примечания __
a Общие примечания Дар
330 Аннотация __
a Аннотация Изложена авторская система вотчинных прав, она включает в себя общие вопросы вещного права, определения понятий имущества, вещного права; анализ способов приобретения и прекращения права собственности; основания и пределы ограничения прав собственника.
600 Персоналии _1
a Персоналии (Фамилия) Победоносцев, К. П.
g Полное имя Константин Петрович
606 Тематические рубрики __
a Основная рубрика Право
606 Тематические рубрики __
a Основная рубрика Гражданское право в целом
y Географическая подрубрика Россия
610 Ключевые слова 0_
a Ключевые слова история гражданского права; цивилистика; правоведы; ученые; персоналии; вещное право; вотчинное право; имущество; право собственности; родовое право; поземельная собственность; купля-продажа; мена; дарение; пожертвования; заимки; прекращение прав собственности; ограничение собственности; раздробление собственности; право залога; вещественное обеспечение; право автора; право изобретателя; изобретательское право; залог
686 Индексы других классификаций __
a Классификационный индекс 67.404
700 Автор _1
a Фамилия Победоносцев
b Имя К. П.
g Полное личное имя Константин Петрович
4 Код отношения 070
702 Вторичная интеллектуальная ответственность _1
a Фамилия Ем
b Имя В. С.
4 Код отношения Научный редактор тома
4 Код отношения 340
4 Код отношения 080
801 Источник записи _0
a Страна RU
b Организация Муниципальное бюджетное учреждение культуры "Централизованная библиотечная система" г. Сургут (Центральная городская библиотека им. А. С. Пушкина)
g Правила каталогизации КиК/Поспелова
801 Источник записи _1
a Страна RU
b Организация Муниципальное бюджетное учреждение культуры "Централизованная библиотечная система" г. Сургут (Центральная городская библиотека им. А. С. Пушкина)
g Правила каталогизации КиК/Поспелова
852 Данные о местонахождении __
j Шифр хранения 67.404
c Каталожный индекс 67.404
i Авторский знак П 41
901 Тип документа __
t Тип документа m
903 Характеристики (МАРС) __
a Дата передачи 20090209
990 Данные о заказе (DOS) __
j Количество экземпляров (DOS) 1
t N записи в КСУ для И/У (DOS) 200902